00270pab a2200109 454500008004000000245005000040260000900090300001400099362001200113650002200125773001300147180718b2010 xxu||||| |||| 00| 0 eng d aNational policy on urban street vendors, 2009 c2010 ap.92-111. aJul-Sep aUrban development aNagarlok